| 000 | 00545nam a2200181Ia 4500 | ||
|---|---|---|---|
| 003 | GCL | ||
| 008 | 140319s9999 xx 000 0 ara d | ||
| 040 |
_aGCL / _cGCL |
||
| 082 | 0 | 4 |
_a709.1 _bا ت |
| 100 | 1 | _aالسيد عبدالعزيز سالم | |
| 245 | 1 | 0 |
_aتحف العاج الاندلسية فى العصر الاسلامى / _cالسيد عبدالعزيز سالم |
| 300 | _a79 ص | ||
| 490 | _a | ||
| 650 | 0 | 4 | _aالاثار الاسلامية |
| 650 | 0 | 4 | _aالعاج |
| 650 | 0 | 4 | _aالفن الاسلامى |
| 942 |
_2ddc _cBK |
||
| 999 |
_c41777 _d41777 |
||